| 000 | 00000nam##2200000za#4500 |
| 001 | 9.644323 |
| 003 | CaOODSP |
| 005 | 20250506145324 |
| 007 | cr ||||||||||| |
| 008 | 150407|1963||||xxc|||||o f|0| 0 fre|d |
| 040 | |aCaOODSP|bfre |
| 043 | |an-cn--- |
| 086 | 1 |aA43-1110/1963F-PDF |
| 110 | 1 |aCanada.|bAgriculture Canada. |
| 245 | 10|aRépression des charançons de la racine du fraisier / |h[ressource électronique]|c[par] W.T. Cram. |
| 260 | |aOttawa - Ontario : |bAgriculture Canada |c1963. |
| 300 | |a8p. |
| 500 | |aPublication historique numérisée par Agriculture et Agroalimentaire Canada. |
| 590 | |a15-03-Supp|b2015-03-13 |
| 720 | 1 |aCram, W. T. |
| 775 | 08|tControl of root weevils in strawberries / |w(CaOODSP)9.700434 |
| 856 | 40|ahttp://publications.gc.ca|qPDF|s608 Ko|uhttps://publications.gc.ca/collections/collection_2015/aac-aafc/A43-1110-1963-fra.pdf |
| 986 | |aPublication 1110 |